[Event "RUS-chT blitz"]
[Site "Sochi"]
[Date "2018.10.10"]
[Round "1.7"]
[White "Dulenko, Maxim"]
[Black "Demidov, Mikhail"]
[Result "0-1"]
[WhiteElo "2139"]
[BlackElo "2514"]
[PlyCount "119"]
[EventDate "2018.10.10"]
[EventType "team-swiss (blitz)"]
[EventRounds "15"]
[EventCountry "RUS"]
[SourceTitle "CBM 186 Extra"]
[Source "ChessBase"]
[SourceDate "2018.08.24"]
[SourceVersion "1"]
[SourceVersionDate "2018.08.24"]
[SourceQuality "1"]
[WhiteTeam "Moscow MGU Lawyers"]
[BlackTeam "Karpov Chess School"]
[WhiteTeamCountry "RUS"]
[BlackTeamCountry "RUS"]

1. e4 e6 2. d4 d5 3. e5 c5 4. c3 Ne7 5. Nf3 Nec6 6. a3 a5 7. Bd3 b6 8. 0-0 Ba6 9. Be3 Be7 10. Bxa6 Nxa6 11. Nbd2 0-0 12. Rc1 c4 13. g3 b5 14. h4 b4 15. axb4 axb4 16. Bg5 Nc7 17. Bxe7 Qxe7 18. Qe2 Ra2 19. Rb1 Rfa8 20. Qe3 h6 21. Rfc1 Nb5 22. Kg2 bxc3 23. bxc3 Na3 24. Rb6 Qc7 25. Rxc6 Qxc6 26. Ne1 Nb5 27. Nc2 Qd7 28. Nb4 Ra1 29. Nb1 Na7 30. Nc2 Ra4 31. h5 Nc6 32. g4 Qe7 33. Nd2 Qg5 34. Qe2 Ra2 35. Kg3 f5 36. exf6 Qxf6 37. f4 Rb2 38. Nf3 Raa2 39. Qd1 Na5 40. Ne3 Nb3 41. Rb1 Re2 42. Qg1 Rf2 43. Rf1 Rxf1 44. Qxf1 Qf8 45. Qb1 Ra1 46. Qg6 Qf7 47. Qc2 Ra8 48. Ne5 Qf6 49. Ng2 Qf8 50. Nd7 Qd6 51. Ne5 Qd8 52. Qg6 Qe8 53. Qc2 Na5 54. Nh4 Nc6 55. Nhf3 Nd8 56. Kh4 Nf7 57. g5 Nd6 58. gxh6 Nf5+ 59. Kg4 Nxh6+ 60. Kg3 0-1

[Event "RUS-chT blitz"]
[Site "Sochi"]
[Date "2018.10.10"]
[Round "4.9"]
[White "Dulenko, Maxim"]
[Black "Linker, Mikhail"]
[Result "1-0"]
[WhiteElo "2139"]
[BlackElo "2269"]
[PlyCount "101"]
[EventDate "2018.10.10"]
[EventType "team-swiss (blitz)"]
[EventRounds "15"]
[EventCountry "RUS"]
[SourceTitle "CBM 186 Extra"]
[Source "ChessBase"]
[SourceDate "2018.08.24"]
[SourceVersion "1"]
[SourceVersionDate "2018.08.24"]
[SourceQuality "1"]
[WhiteTeam "Moscow MGU Lawyers"]
[BlackTeam "Krym Kimmeriya"]
[WhiteTeamCountry "RUS"]
[BlackTeamCountry "RUS"]

1. e4 c5 2. Nf3 Nc6 3. d4 cxd4 4. Nxd4 Nf6 5. Nc3 g6 6. Bc4 Bg7 7. Nde2 0-0 8. 0-0 d6 9. h3 a6 10. a4 Bd7 11. Be3 Rc8 12. Ba2 Ne5 13. a5 Nc4 14. Bxc4 Rxc4 15. Bb6 Qe8 16. Nd4 Rc8 17. Re1 Bc6 18. Nxc6 Rxc6 19. Nd5 Nd7 20. c3 Nxb6 21. Nxb6 Qd8 22. Qd3 Qc7 23. Re2 Rd8 24. Nd5 Qd7 25. Rd1 Qe8 26. c4 Rdc8 27. Nb6 R8c7 28. b4 h5 29. Re3 Bh6 30. Re2 Kh7 31. e5 dxe5 32. Rxe5 Kg8 33. Rd5 Rd6 34. Rxd6 exd6 35. Qxd6 Re7 36. Kf1 Kh7 37. Nd5 Re6 38. Nf6+ Rxf6 39. Qxf6 Bg7 40. Qf3 Qe7 41. c5 f5 42. Qd3 Qe5 43. Kg1 Qf4 44. b5 axb5 45. Qxb5 h4 46. Qxb7 Kh6 47. Qf3 Qb4 48. c6 Qxa5 49. Qf4+ g5 50. Qd6+ Kh7 51. c7 1-0

[Event "RUS-chT blitz"]
[Site "Sochi"]
[Date "2018.10.10"]
[Round "12.9"]
[White "Nechaev, Oleg"]
[Black "Dulenko, Maxim"]
[Result "1-0"]
[WhiteElo "2400"]
[BlackElo "2139"]
[PlyCount "135"]
[EventDate "2018.10.10"]
[EventType "team-swiss (blitz)"]
[EventRounds "15"]
[EventCountry "RUS"]
[SourceTitle "CBM 186 Extra"]
[Source "ChessBase"]
[SourceDate "2018.08.24"]
[SourceVersion "1"]
[SourceVersionDate "2018.08.24"]
[SourceQuality "1"]
[WhiteTeam "Stavropol Region"]
[BlackTeam "Moscow MGU Lawyers"]
[WhiteTeamCountry "RUS"]
[BlackTeamCountry "RUS"]

1. c4 e5 2. g3 Nf6 3. Bg2 c6 4. Nf3 Bd6 5. 0-0 0-0 6. Nc3 Re8 7. b3 Bf8 8. Bb2 d5 9. cxd5 cxd5 10. d4 e4 11. Ne5 Nc6 12. Nxc6 bxc6 13. Na4 e3 14. f3 h5 15. Qc2 Bd7 16. Nc5 h4 17. Rac1 hxg3 18. hxg3 Rc8 19. Nxd7 Qxd7 20. Kh2 Bd6 21. Bh3 Qc7 22. Rg1 Rcd8 23. Qf5 Qa5 24. a4 Qb6 25. Rc3 c5 26. dxc5 Bxc5 27. Rxc5 Qxc5 28. Bxf6 gxf6 29. Qxf6 Rd6 30. Qf4 d4 31. Bf5 Qe5 32. Qg4+ Qg7 33. Qf4 Rf6 34. g4 Qh6+ 35. Qxh6 Rxh6+ 36. Kg3 Rc6 37. Rd1 Rc3 38. Rxd4 Rxb3 39. Rd7 a6 40. f4 Ra3 41. Bc2 Ra2 42. Bb3 Rxe2 43. Bxf7+ Kf8 44. Bxe8 Kxe8 45. Kf3 Ra2 46. Rd4 e2 47. Re4+ Kf7 48. Rxe2 Ra3+ 49. Re3 Rxa4 50. g5 a5 51. Kg4 Rc4 52. Rb3 a4 53. Rb7+ Kg6 54. Rb6+ Kg7 55. Ra6 Rb4 56. Kg3 Rb3+ 57. Kg4 Rb4 58. Ra5 Kg6 59. Ra6+ Kg7 60. Rf6 a3 61. Ra6 Rb3 62. Ra7+ Kg8 63. g6 Rb6 64. Kg5 Rb5+ 65. f5 Rb3 66. f6 Rb5+ 67. Kf4 Rb4+ 68. Ke5 1-0

[Event "RUS-chT2"]
[Site "Sochi"]
[Date "2018.05.08"]
[Round "7.5"]
[White "Tekeyev, Zaur"]
[Black "Dulenko, Maxim"]
[Result "1-0"]
[WhiteElo "2378"]
[BlackElo "2143"]
[PlyCount "103"]
[EventDate "2018.05.01"]
[EventType "team-swiss"]
[EventRounds "9"]
[EventCountry "RUS"]
[SourceTitle "CBM 184 Extra"]
[Source "ChessBase"]
[SourceDate "2018.06.28"]
[SourceVersion "1"]
[SourceVersionDate "2018.06.28"]
[SourceQuality "1"]
[WhiteTeam "Stavropol Region"]
[BlackTeam "Moscow Law Faculty"]
[WhiteTeamCountry "RUS"]
[BlackTeamCountry "RUS"]

1. e4 c5 2. Nf3 d6 3. d4 cxd4 4. Nxd4 Nf6 5. Nc3 a6 6. Nb3 Nbd7 7. g4 b5 8. Bg2 b4 9. Nd5 e6 10. Nxf6+ gxf6 11. a3 bxa3 12. Rxa3 Ne5 13. 0-0 Rg8 14. h3 h5 15. Nd4 hxg4 16. Rg3 Bb7 17. hxg4 d5 18. f4 Bc5 19. fxe5 fxe5 20. c3 dxe4 21. Be3 exd4 22. cxd4 Bd6 23. Rh3 Bd5 24. Qa4+ Qd7 25. Qxd7+ Kxd7 26. Rxf7+ Kc6 27. g5 e5 28. Rf6 exd4 29. Bf4 d3 30. Rxd6+ Kc5 31. Rxd5+ Kxd5 32. Rxd3+ Kc4 33. Bxe4 Rae8 34. b3+ Kb4 35. Bb7 Rg6 36. Kf2 a5 37. Kf3 a4 38. bxa4 Kxa4 39. Be4 Rb6 40. Re3 Rf8 41. Kg4 Kb4 42. Bf5 Rg8 43. Re6 Rb7 44. g6 Kc5 45. Kg5 Rh8 46. Re1 Rf8 47. Rc1+ Kd5 48. Rd1+ Kc4 49. Be6+ Kc3 50. Be5+ Kc2 51. Rd7 Rb5 52. Rd5 1-0

[Event "RUS-chT2"]
[Site "Sochi"]
[Date "2017.05.10"]
[Round "9.7"]
[White "Mokin, Nikolai"]
[Black "Dulenko, Maxim"]
[Result "1-0"]
[WhiteElo "2277"]
[BlackElo "2144"]
[PlyCount "129"]
[EventDate "2017.05.01"]
[EventType "team-swiss"]
[EventRounds "9"]
[EventCountry "RUS"]
[SourceTitle "CBM 178 Extra"]
[Source "ChessBase"]
[SourceDate "2017.06.22"]
[SourceVersion "1"]
[SourceVersionDate "2017.06.22"]
[SourceQuality "1"]
[WhiteTeam "Cheliabinsk Yuzhnyy Ural"]
[BlackTeam "Moscow State Univ Law"]
[WhiteTeamCountry "RUS"]
[BlackTeamCountry "RUS"]

1. d4 d5 2. c4 c6 3. Nf3 Nf6 4. Nc3 a6 5. e3 Bg4 6. Be2 b5 7. b3 e6 8. 0-0 Nbd7 9. h3 Bh5 10. Bb2 Bd6 11. Ne5 Bxe2 12. Nxe2 bxc4 13. bxc4 Qb8 14. Nxd7 Nxd7 15. Rb1 Qc7 16. Qc2 0-0 17. Rfc1 Rfc8 18. e4 dxe4 19. Qxe4 c5 20. d5 exd5 21. cxd5 Re8 22. Qc2 Bh2+ 23. Kh1 Be5 24. Bxe5 Rxe5 25. Rd1 Qd6 26. Nc3 Rc8 27. f4 Re3 28. Rf1 c4 29. Rbd1 Nf6 30. Rd4 h6 31. Qd2 Rd3 32. Rxd3 cxd3 33. Qxd3 Qa3 34. Rf3 Rd8 35. Ne4 Qc1+ 36. Kh2 Nxd5 37. Qd4 Qc6 38. Rg3 f6 39. f5 Qc7 40. Nc5 Nf4 41. Nxa6 Ne2 42. Nxc7 Rxd4 43. Ne6 Rd7 44. Re3 Rd2 45. a4 Ra2 46. Rb3 Rxa4 47. Rb8+ Kf7 48. Rb7+ Ke8 49. Nxg7+ Kf8 50. Ne6+ Ke8 51. Rh7 Nd4 52. Nxd4 Rxd4 53. Rxh6 Kf7 54. Rh7+ Kg8 55. Rb7 Rd3 56. g4 Rc3 57. Kg2 Ra3 58. Rb2 Kg7 59. Rf2 Kh6 60. Rf3 Ra1 61. Kg3 Rg1+ 62. Kh4 Rg2 63. Rb3 Rg1 64. Rb6 Kg7 65. Kh5 1-0

[Event "RUS-chT2"]
[Site "Sochi"]
[Date "2017.05.08"]
[Round "7.7"]
[White "Dulenko, Maxim"]
[Black "Nuristani, Iman"]
[Result "1/2-1/2"]
[WhiteElo "2144"]
[BlackElo "2026"]
[PlyCount "118"]
[EventDate "2017.05.01"]
[EventType "team-swiss"]
[EventRounds "9"]
[EventCountry "RUS"]
[SourceTitle "CBM 178 Extra"]
[Source "ChessBase"]
[SourceDate "2017.06.22"]
[SourceVersion "1"]
[SourceVersionDate "2017.06.22"]
[SourceQuality "1"]
[WhiteTeam "Moscow State Univ Law"]
[BlackTeam "Stavropol Region"]
[WhiteTeamCountry "RUS"]
[BlackTeamCountry "RUS"]

1. e4 e6 2. d4 d5 3. e5 c5 4. c3 Nc6 5. Nf3 Qb6 6. a3 Bd7 7. b4 cxd4 8. cxd4 Rc8 9. Be3 Nh6 10. Bd3 Ng4 11. 0-0 Nxe3 12. fxe3 Be7 13. Nbd2 Nb8 14. Qe2 Ba4 15. Rac1 0-0 16. Nb1 g6 17. h4 Rxc1 18. Rxc1 a6 19. h5 Bc6 20. hxg6 hxg6 21. g3 Kg7 22. Kg2 Nd7 23. Nc3 f5 24. exf6+ Bxf6 25. Nh4 Bxh4 26. Qg4 Rf6 27. Qxh4 e5 28. Rh1 Kf7 29. Bxg6+ Rxg6 30. Qh7+ Rg7 31. Rf1+ Nf6 32. Qf5 Rg6 33. b5 axb5 34. Ne2 Qa7 35. Qxe5 Qxa3 36. Nf4 Rh6 37. Nh5 Qe7 38. g4 Rg6 39. Kh2 Qe6 40. Qxe6+ Kxe6 41. Nf4+ Kf7 42. Nxg6 Kxg6 43. Kg3 Bd7 44. Kf4 Nxg4 45. e4 dxe4 46. Kxe4 b4 47. d5 b3 48. Kd4 Bf5 49. Kc3 Ne3 50. Rg1+ Kf7 51. Kxb3 Nxd5 52. Kc4 Ne7 53. Kc5 Nc8 54. Re1 Kf6 55. Re2 Bd7 56. Re1 b6+ 57. Kd5 Bf5 58. Re2 b5 59. Kc5 Ne7 1/2-1/2

[Event "RUS-chT2"]
[Site "Sochi"]
[Date "2017.05.07"]
[Round "6.6"]
[White "Kuzmin, Artem"]
[Black "Dulenko, Maxim"]
[Result "1-0"]
[WhiteElo "2040"]
[BlackElo "2144"]
[PlyCount "111"]
[EventDate "2017.05.01"]
[EventType "team-swiss"]
[EventRounds "9"]
[EventCountry "RUS"]
[SourceTitle "CBM 178 Extra"]
[Source "ChessBase"]
[SourceDate "2017.06.22"]
[SourceVersion "1"]
[SourceVersionDate "2017.06.22"]
[SourceQuality "1"]
[WhiteTeam "Novosibirsk NSTU"]
[BlackTeam "Moscow State Univ Law"]
[WhiteTeamCountry "ZAR"]
[BlackTeamCountry "RUS"]

1. e4 c5 2. c3 d6 3. d4 Nf6 4. dxc5 dxc5 5. Qxd8+ Kxd8 6. f3 Nc6 7. Be3 b6 8. Na3 Kc7 9. Nh3 h6 10. Nf4 e6 11. Nb5+ Kb7 12. a4 a6 13. Na3 Be7 14. Nc4 Nd7 15. Be2 Nde5 16. 0-0 Nxc4 17. Bxc4 Bd7 18. Ba2 Ne5 19. Bb3 Bc6 20. Rfd1 Rad8 21. Kf2 g5 22. Nh5 Nd3+ 23. Ke2 Nxb2 24. Rxd8 Rxd8 25. Ra2 Nd3 26. Ra1 Ne5 27. Rd1 Rxd1 28. Bxd1 f5 29. exf5 exf5 30. f4 Ng4 31. Bg1 Bxg2 32. Bc2 Nf6 33. Ng3 gxf4 34. Nxf5 Bf8 35. Bf2 Ne4 36. Be1 Nd6 37. Nh4 Be7 38. Nxg2 b5 39. axb5 axb5 40. Nxf4 Nc4 41. Be4+ Ka6 42. Ne6 Ka5 43. Bf2 Bf6 44. Kd3 Ne5+ 45. Kc2 Ng4 46. Bg1 Be5 47. h3 Nf6 48. Nxc5 b4 49. Bd4 Nxe4 50. Nxe4 Bf4 51. c4 Ka4 52. Nc5+ Ka3 53. Nb3 Bc7 54. Bb2+ Ka4 55. Nc5+ Ka5 56. Kb3 1-0

[Event "RUS-chT blitz"]
[Site "Sochi"]
[Date "2016.10.07"]
[Round "5.5"]
[White "Matinian, Nikita"]
[Black "Dulenko, Maxim"]
[Result "0-1"]
[WhiteElo "2495"]
[BlackElo "2144"]
[PlyCount "94"]
[EventDate "2016.10.07"]
[EventType "team-swiss (blitz)"]
[EventRounds "15"]
[EventCountry "RUS"]
[SourceTitle "EXT 2017"]
[Source "ChessBase"]
[SourceDate "2016.10.25"]
[SourceVersion "1"]
[SourceVersionDate "2016.10.25"]
[SourceQuality "1"]
[WhiteTeam "Moscow Spartak"]
[BlackTeam "Moscow State Univ Law"]
[WhiteTeamCountry "RUS"]
[BlackTeamCountry "RUS"]

1. e4 c5 2. Nf3 d6 3. d4 cxd4 4. Nxd4 Nf6 5. Nc3 a6 6. h3 e6 7. g4 b5 8. Bg2 Bb7 9. 0-0 b4 10. Nd5 exd5 11. exd5 Be7 12. Nf5 0-0 13. Re1 Re8 14. Bg5 Nbd7 15. Qd4 Bf8 16. Rxe8 Qxe8 17. a3 bxa3 18. Rxa3 Qe1+ 19. Kh2 Qe5+ 20. Qxe5 dxe5 21. Rd3 e4 22. Rd2 Bxd5 23. Be3 Be6 24. Ng3 Rb8 25. b3 Bb4 26. Rd1 Rc8 27. c4 h6 28. Nxe4 Nxe4 29. Bxe4 Nc5 30. Bc2 a5 31. f4 Re8 32. Bf2 Bc8 33. Kg1 Bb7 34. h4 Be4 35. Bxe4 Nxe4 36. Bb6 Bc5+ 37. Bxc5 Nxc5 38. Rd5 Nxb3 39. Rb5 a4 40. c5 Rc8 41. Rb4 Nxc5 42. Rb5 Nd3 43. f5 Ra8 44. Rb1 a3 45. Ra1 a2 46. g5 Nb4 47. g6 Nc2 0-1

[Event "RUS-chT2"]
[Site "Sochi"]
[Date "2016.05.10"]
[Round "9.11"]
[White "Dulenko, Maxim"]
[Black "Nazaretyan, Tigran"]
[Result "1/2-1/2"]
[WhiteElo "2148"]
[BlackElo "2316"]
[PlyCount "224"]
[EventDate "2016.05.01"]
[EventType "team-swiss"]
[EventRounds "9"]
[EventCountry "RUS"]
[SourceTitle "EXT 2018"]
[Source "ChessBase"]
[SourceDate "2017.10.13"]
[SourceVersion "1"]
[SourceVersionDate "2017.10.13"]
[SourceQuality "1"]
[WhiteTeam "Moscow Law Faculty"]
[BlackTeam "Vladikavkaz Alanya"]
[WhiteTeamCountry "RUS"]
[BlackTeamCountry "RUS"]

1. e4 c5 2. Nf3 d6 3. c3 Nf6 4. h3 g6 5. Bd3 Bg7 6. 0-0 0-0 7. Re1 Nc6 8. Bf1 e5 9. d3 d5 10. Qc2 h6 11. Nbd2 Re8 12. a4 d4 13. cxd4 cxd4 14. Nc4 Nh5 15. a5 Nf4 16. Bxf4 exf4 17. b4 Nxb4 18. Qd2 Nc6 19. Qxf4 Be6 20. a6 bxa6 21. Rxa6 Nb4 22. Ra4 a5 23. Nxa5 Nxd3 24. Bxd3 Rxa5 25. Rb4 Ra3 26. Bb5 Qa5 27. Reb1 Rd8 28. e5 Ra1 29. Bd3 Qxb4 30. Rxa1 Qc3 31. Rd1 Bb3 32. Rd2 Qa1+ 33. Kh2 Qc1 34. Qh4 Qc7 35. Re2 Bd1 36. Re1 Bxf3 37. gxf3 Bxe5+ 38. Kg2 Bg7 39. Re7 Qd6 40. Qe4 Bf8 41. Rb7 Qd5 42. Qxd5 Rxd5 43. f4 Kg7 44. Kf3 Rd6 45. f5 gxf5 46. Rb5 Be7 47. Rxf5 Bf6 48. Rf4 Rc6 49. Rg4+ Kf8 50. Rf4 Rc3 51. Ke4 Ke7 52. Rf5 Rc1 53. Rh5 Re1+ 54. Kf3 Bg5 55. h4 Rh1 56. Kg4 Rg1+ 57. Kf3 Rh1 58. Kg4 Bd2 59. Rf5 Ra1 60. Kf3 f6 61. Rd5 Bc3 62. Rh5 Rd1 63. Ke4 Rd2 64. f4 Rd1 65. Be2 Re1 66. Kd3 Rg1 67. Rxh6 Rg3+ 68. Kc4 Ke6 69. Rh5 Bd2 70. Kxd4 Bxf4 71. Bc4+ Kd6 72. Ke4 Be5 73. Kf5 Rf3+ 74. Kg6 Rc3 75. Ba2 Rg3+ 76. Kf7 Ra3 77. Bb1 Ra7+ 78. Kg6 Ra1 79. Bf5 Rg1+ 80. Kf7 Rg2 81. Rh8 Bb2 82. Rb8 Ke5 83. Rb5+ Kf4 84. h5 Be5 85. Bg6 Rh2 86. Rb1 Kg5 87. Re1 Kh6 88. Ke6 Bc3 89. Rc1 Be5 90. Rc8 Rxh5 91. Bxh5 Kxh5 92. Rg8 Kh4 93. Kf5 Kh3 94. Rg4 Bb2 95. Kf4 Ba1 96. Kf3 Be5 97. Rg1 Kh4 98. Rg8 Kh5 99. Ke4 Kh4 100. Kf5 Kh3 101. Rg7 Kh4 102. Rg4+ Kh3 103. Re4 Kg3 104. Ra4 Kh3 105. Rg4 Kh2 106. Ke4 Kh3 107. Kf3 Bc3 108. Rf4 Bb2 109. Ra4 Be5 110. Rc4 Bb2 111. Rc6 Kh4 112. Rxf6 Bxf6 1/2-1/2

[Event "RUS-chT2"]
[Site "Sochi"]
[Date "2016.05.03"]
[Round "3.9"]
[White "Bykov, Egor"]
[Black "Dulenko, Maxim"]
[Result "1-0"]
[WhiteElo "2330"]
[BlackElo "2148"]
[PlyCount "89"]
[EventDate "2016.05.01"]
[EventType "team-swiss"]
[EventRounds "9"]
[EventCountry "RUS"]
[SourceTitle "EXT 2018"]
[Source "ChessBase"]
[SourceDate "2017.10.13"]
[SourceVersion "1"]
[SourceVersionDate "2017.10.13"]
[SourceQuality "1"]
[WhiteTeam "Stavropol Region"]
[BlackTeam "Moscow Law Faculty"]
[WhiteTeamCountry "RUS"]
[BlackTeamCountry "RUS"]

1. d4 d5 2. Nf3 Nf6 3. Bf4 e6 4. e3 Bd6 5. Bg3 Nbd7 6. Nbd2 Bxg3 7. hxg3 Qe7 8. c3 e5 9. Bb5 0-0 10. Qc2 c6 11. Ba4 e4 12. Ng1 b5 13. Bb3 c5 14. a4 c4 15. Ba2 b4 16. cxb4 Qxb4 17. Ne2 Rb8 18. Rb1 Nb6 19. b3 cxb3 20. Qxb3 Qd6 21. Nc3 Ba6 22. Qb4 Qd7 23. a5 Bd3 24. Rb3 Rfc8 25. axb6 Qg4 26. bxa7 Rxb4 27. Rxb4 Rxc3 28. Rb8+ Rc8 29. Nf3 g6 30. a8Q Rxb8 31. Qxb8+ Kg7 32. Ng1 Qe6 33. Qb2 Qa6 34. f3 Qd6 35. Kf2 Qe6 36. g4 h5 37. g5 Ne8 38. Qb8 Nd6 39. Qd8 Kh7 40. Qf6 Qd7 41. Bxd5 exf3 42. gxf3 Qc7 43. Ne2 Bxe2 44. Kxe2 Nf5 45. Rxh5+ 1-0

[Event "RUS-chT2"]
[Site "Sochi"]
[Date "2016.05.02"]
[Round "2.5"]
[White "Dulenko, Maxim"]
[Black "Rozum, Ivan"]
[Result "0-1"]
[WhiteElo "2148"]
[BlackElo "2559"]
[PlyCount "76"]
[EventDate "2016.05.01"]
[EventType "team-swiss"]
[EventRounds "9"]
[EventCountry "RUS"]
[SourceTitle "EXT 2018"]
[Source "ChessBase"]
[SourceDate "2017.10.13"]
[SourceVersion "1"]
[SourceVersionDate "2017.10.13"]
[SourceQuality "1"]
[WhiteTeam "Moscow Law Faculty"]
[BlackTeam "St Petersburg Peter's Boat"]
[WhiteTeamCountry "RUS"]
[BlackTeamCountry "RUS"]

1. e4 c6 2. Nf3 d5 3. exd5 cxd5 4. Ne5 Nf6 5. d4 g6 6. Nc3 Bg7 7. Be2 0-0 8. h4 Nc6 9. Be3 h5 10. Qd2 Be6 11. f3 Rc8 12. Nd1 Qc7 13. Nxc6 bxc6 14. Nf2 c5 15. c3 cxd4 16. cxd4 Bf5 17. Ba6 Rcd8 18. Rc1 Qb6 19. Bd3 Be6 20. b4 Ne8 21. Rc5 Nd6 22. b5 Nc4 23. Bxc4 dxc4 24. Ne4 Bf5 25. a4 Qb7 26. Nf2 Rc8 27. 0-0 Rfd8 28. Rxc8 Rxc8 29. Rc1 Qd5 30. Qc3 Bf6 31. Qa5 Bxd4 32. Rd1 Bd3 33. Bxd4 Qxd4 34. Qb4 e5 35. a5 Rb8 36. g3 Qe3 37. Kg2 Be2 38. Rd7 Qxf3+ 0-1

[Event "RUS-chT blitz"]
[Site "Sochi"]
[Date "2015.05.10"]
[Round "4.35"]
[White "Dulenko, Maxim"]
[Black "Alexeev, Alexey"]
[Result "1/2-1/2"]
[WhiteElo "2140"]
[BlackElo "2320"]
[PlyCount "84"]
[EventDate "2015.05.10"]
[EventType "team-swiss (blitz)"]
[EventRounds "11"]
[EventCountry "RUS"]
[SourceTitle "CBM 166 Extra"]
[Source "ChessBase"]
[SourceDate "2015.06.18"]
[SourceVersion "1"]
[SourceVersionDate "2015.06.18"]
[SourceQuality "1"]
[WhiteTeam "Moscow Law Faculty"]
[BlackTeam "Crimea"]
[WhiteTeamCountry "RUS"]
[BlackTeamCountry "RUS"]

1. e4 e5 2. Nf3 Nc6 3. Nc3 Nf6 4. Bb5 Bb4 5. 0-0 0-0 6. Bxc6 dxc6 7. Nxe5 Re8 8. Nd3 Bxc3 9. dxc3 Nxe4 10. Qf3 Qh4 11. Qf4 Qxf4 12. Bxf4 Nd6 13. Rfe1 Bf5 14. Rxe8+ Rxe8 15. Bxd6 cxd6 16. Re1 Rxe1+ 17. Nxe1 f6 18. f3 Kf7 19. Kf2 Ke6 20. Ke3 g5 21. Nd3 h5 22. f4 h4 23. g3 c5 24. b3 a5 25. a4 Kd5 26. c4+ Kc6 27. c3 b6 28. Kd2 Kd7 29. Nf2 gxf4 30. gxf4 Ke6 31. Nd1 Be4 32. Ne3 Bf3 33. Ke1 d5 34. Kf2 Bh1 35. cxd5+ Bxd5 36. c4 Be4 37. Ke2 Kf7 38. Kd2 Kg6 39. Ke2 h3 40. Kd2 Kf7 41. Kc3 Ke6 42. Kd2 Bf3 1/2-1/2

[Event "RUS-chT blitz"]
[Site "Sochi"]
[Date "2015.05.10"]
[Round "10.35"]
[White "Zakaryan, David"]
[Black "Dulenko, Maxim"]
[Result "1/2-1/2"]
[WhiteElo "2322"]
[BlackElo "2140"]
[PlyCount "165"]
[EventDate "2015.05.10"]
[EventType "team-swiss (blitz)"]
[EventRounds "11"]
[EventCountry "RUS"]
[SourceTitle "CBM 166 Extra"]
[Source "ChessBase"]
[SourceDate "2015.06.18"]
[SourceVersion "1"]
[SourceVersionDate "2015.06.18"]
[SourceQuality "1"]
[WhiteTeam "Krasnodar region"]
[BlackTeam "Moscow Law Faculty"]
[WhiteTeamCountry "RUS"]
[BlackTeamCountry "RUS"]

1. e4 d5 2. exd5 Qxd5 3. Nc3 Qd6 4. Nf3 Nf6 5. d4 a6 6. g3 Bg4 7. Bg2 Nc6 8. Bf4 Qb4 9. 0-0 Qxb2 10. Na4 Qa3 11. Nc5 0-0-0 12. c3 e5 13. Nxb7 exf4 14. Nxd8 Nxd8 15. h3 Bf5 16. Ne5 Bd6 17. c4 fxg3 18. c5 gxf2+ 19. Rxf2 Be4 20. cxd6 Bxg2 21. Rxg2 Qe3+ 22. Kh2 Ne6 23. Qd2 Qxd4 24. Nxf7 Rf8 25. Qxd4 Nxd4 26. Ne5 cxd6 27. Rc1+ Kd8 28. Nc6+ Nxc6 29. Rxc6 Kd7 30. Rxa6 Ke6 31. Rxg7 Rb8 32. Rg2 Nh5 33. Ra4 d5 34. Rh4 Nf6 35. Rf2 Ke5 36. Re2+ Ne4 37. Rxh7 Kd4 38. Rh4 Kd3 39. Rg2 d4 40. Rhg4 Ke3 41. Rg1 Rb2+ 42. R4g2 Rb5 43. Re1+ Kd3 44. h4 Rh5 45. Kh3 Nc3 46. Kg4 Ra5 47. h5 Nxa2 48. h6 Ra8 49. h7 Rh8 50. Rxa2 Rxh7 51. Rd1+ Kc3 52. Rad2 Rd7 53. Kf5 d3 54. Ke6 Rd8 55. Ke5 Re8+ 56. Kf4 Rf8+ 57. Kg5 Rd8 58. Kf6 Rd4 59. Ke7 Rd5 60. Ke6 Rd8 61. Ra2 Kb3 62. Raa1 d2 63. Ke5 Kc2 64. Ke4 Re8+ 65. Kf3 Rf8+ 66. Ke2 Re8+ 67. Kf2 Rf8+ 68. Ke3 Re8+ 69. Kd4 Rd8+ 70. Kc5 Rc8+ 71. Kd6 Rd8+ 72. Kc7 Rd3 73. Kc6 Rd8 74. Kb5 Rb8+ 75. Kc5 Rd8 76. Kc4 Rc8+ 77. Kd5 Rd8+ 78. Ke6 Rd3 79. Ke5 Rd8 80. Ke4 Re8+ 81. Kf5 Rd8 82. Ke6 Rd3 83. Rh1 1/2-1/2

[Event "RUS-chT2"]
[Site "Sochi"]
[Date "2015.05.07"]
[Round "7.4"]
[White "Tarasov, Alexandr"]
[Black "Dulenko, Maxim"]
[Result "0-1"]
[WhiteElo "2261"]
[BlackElo "2140"]
[PlyCount "84"]
[EventDate "2015.05.01"]
[EventType "team-swiss"]
[EventRounds "7"]
[EventCountry "RUS"]
[SourceTitle "CBM 166 Extra"]
[Source "ChessBase"]
[SourceDate "2015.06.18"]
[SourceVersion "1"]
[SourceVersionDate "2015.06.18"]
[SourceQuality "1"]
[WhiteTeam "Moscow Youth"]
[BlackTeam "Moscow Law Faculty"]
[WhiteTeamCountry "RUS"]
[BlackTeamCountry "RUS"]

1. d4 d5 2. c4 c6 3. Nf3 Nf6 4. Nc3 a6 5. c5 Nbd7 6. Bf4 Nh5 7. e3 Nxf4 8. exf4 g6 9. h4 Bg7 10. h5 b6 11. cxb6 Qxb6 12. Qd2 e6 13. Na4 Qb8 14. Rc1 Nf6 15. Ne5 Nxh5 16. Nxc6 Qb7 17. Na5 Qb8 18. Nc6 Qb7 19. Qa5 Bd7 20. Ne5 Bxe5 21. fxe5 Bxa4 22. Rc7 Qxb2 23. Qxa4+ Kf8 24. Qd7 Qb1+ 25. Kd2 Qf5 26. Bd3 Qxf2+ 27. Kc3 Rb8 28. Rb1 Rxb1 29. Bxb1 Kg7 30. g4 Ng3 31. Bd3 Rb8 32. Rb7 Rxb7 33. Qxb7 Qxa2 34. Qe7 Qf2 35. g5 a5 36. Kb3 Ne4 37. Bxe4 dxe4 38. Kc4 e3 39. Kd3 a4 40. Qf6+ Qxf6 41. exf6+ Kf8 42. Kxe3 a3 0-1

[Event "Voronezh op-B 14th"]
[Site "Voronezh"]
[Date "2010.06.21"]
[Round "9"]
[White "Dulenko, Maxim"]
[Black "Tkachenko, Victor"]
[Result "1/2-1/2"]
[WhiteElo "2042"]
[BlackElo "2257"]
[PlyCount "49"]
[EventDate "2010.06.12"]
[EventType "swiss"]
[EventRounds "9"]
[EventCountry "RUS"]
[SourceTitle "CBM 137 Extra"]
[Source "ChessBase"]
[SourceDate "2010.09.01"]
[SourceVersion "1"]
[SourceVersionDate "2010.09.01"]
[SourceQuality "1"]

1. e4 d5 2. exd5 Nf6 3. Nf3 Nxd5 4. d4 Bf5 5. Nh4 Bd7 6. Be2 c5 7. c4 Nb4 8. a3 N4c6 9. d5 Nd4 10. Nf3 Qb6 11. Nxd4 cxd4 12. b4 e5 13. dxe6 Bxe6 14. c5 Qd8 15. Bb2 Nc6 16. 0-0 Be7 17. Bb5 Bf6 18. Nd2 0-0 19. Ne4 Bd5 20. Bxc6 Bxc6 21. Nd6 Be5 22. Bxd4 Bxd6 23. Qg4 Bxh2+ 24. Kxh2 f6 25. Be3 1/2-1/2

[Event "Voronezh op-B 14th"]
[Site "Voronezh"]
[Date "2010.06.18"]
[Round "6"]
[White "Tukhvatullin, Vladislav"]
[Black "Dulenko, Maxim"]
[Result "1-0"]
[WhiteElo "2296"]
[BlackElo "2042"]
[PlyCount "59"]
[EventDate "2010.06.12"]
[EventType "swiss"]
[EventRounds "9"]
[EventCountry "RUS"]
[SourceTitle "CBM 137 Extra"]
[Source "ChessBase"]
[SourceDate "2010.09.01"]
[SourceVersion "1"]
[SourceVersionDate "2010.09.01"]
[SourceQuality "1"]

1. e4 c5 2. Nf3 d6 3. d4 cxd4 4. Nxd4 Nf6 5. Nc3 a6 6. Bg5 e6 7. Qf3 Nbd7 8. 0-0-0 Qa5 9. h4 h6 10. Bxf6 Nxf6 11. Be2 h5 12. Rhe1 Be7 13. Qg3 g6 14. f4 Ng4 15. Nb3 Qd8 16. Rh1 f5 17. Bxg4 hxg4 18. h5 Rxh5 19. Rxh5 gxh5 20. exf5 exf5 21. Nd4 Kf7 22. Qd3 Kg6 23. Nd5 Bf6 24. Nxf6 Qxf6 25. Qb3 Qf7 26. Qb4 d5 27. Qd6+ Kh7 28. Re1 Qg6 29. Re7+ Kh6 30. Qd8 1-0